• 首页
  • 本馆介绍
  • 公告通知
  • 最新文献
  • 馆藏检索
  • 电子资源
  • 读者导购
  • 参考咨询
  • 我的图书馆
  • 登录
  • 详细信息显示
  • 放入我的书架
  • 预约/预借图书
  • 作者相关作品
  • 分类相关作品
  • 丛书相关作品
  • 出版社相关作品

书目信息

  • 表格格式
  • 工作单格式
  • 卡片格式
题名:
老解放区教育简史
    
 
作者: 陈元晖 主编
分册:  
出版信息: 北京   教育科学出版社  1981
页数: 277页
开本: 21cm
丛书名:
单 册:
中图分类: G529.6
科图分类:
主题词: 老解放区教育-教育史 , 教育史-老解放区教育
电子资源:
ISBN:
000 00673nam0 2200241 45
001 0181007007
005 20070729112512.41
010    @dCNY1.35
091    @a7232.81
100    @a19950605d1981 em y0chiy0121 ea
101 0  @achi
102    @aCN@b110000
105    @ay z 000yy
200 10 @a老解放区教育简史@Alao jie fang qu jiao yu jian shi@f陈元晖主编
210    @a北京@c教育科学出版社@d1981
215    @a277页@d21cm
606    @a老解放区教育-教育史
606    @a教育史-老解放区教育
690    @aG529.6@v3
701  0 @a陈元晖@Achen yuan hui@4主编
801  2 @aCN@bNLC@c20070729
801  0 @aCN@b上海图书馆@c20060805
905    @f1@b177123@f1@b175084@dG529.6@e19
    
    老解放区教育简史/陈元晖主编.-北京:教育科学出版社,1981
    277页;21cm
    
    
    ISBN :CNY1.35
    
●
相关链接 在E读中查询图书 在五车中查询图书 在当当中查询图书 在豆瓣中查询图书


正题名:老解放区教育简史     索取号:G529.6/19         预约/预借

序号 登录号 条形码 馆藏地/架位号 状态 备注
1 0175084   000463634   密集书库/ [索取号:G529.6/19] 在馆    
2 0175085   000463288   第一样本阅览室/ [索取号:G529.6/19] 在馆    
3 0177123   000463625   密集书库/ [索取号:G529.6/19] 在馆    
4 0434707   204347073   密集书库/ [索取号:G529.6/19] 在馆    
5 0434708   204347082   密集书库/ [索取号:G529.6/19] 在馆    
6 0447091   204470919   密集书库/ [索取号:G529.6/19] 在馆    
7 0785810   207858102   密集书库/ [索取号:G529.6/19] 在馆    
唐山师范学院图书馆 欢迎您!
大连网信软件有限公司© 版权所有